[Event "Petroupoli-ch"]
[Site "Petropouli"]
[Date "2014.03.01"]
[Round "6"]
[White "Karagiannis, Georgios1"]
[Black "Kserokasitis, Ioannis"]
[Result "1-0"]
[WhiteElo "1490"]
[BlackElo "1809"]
[PlyCount "71"]
[EventDate "2014.01.25"]
[EventType "swiss"]
[EventRounds "7"]
[EventCountry "GRE"]
[SourceTitle "EXT 2015"]
[Source "ChessBase"]
[SourceDate "2014.11.20"]
[SourceVersion "1"]
[SourceVersionDate "2014.11.20"]
[SourceQuality "1"]

1. e4 c5 2. Nf3 e6 3. d4 cxd4 4. Nxd4 Nc6 5. Nc3 a6 6. Be3 Qc7 7. f4 b5 8. Bd3 Bb7 9. Nb3 Nf6 10. e5 Nxe5 11. fxe5 Qxe5 12. Qe2 Bxg2 13. Qxg2 Qxe3+ 14. Be2 Rd8 15. Nd2 d5 16. Rf1 Rc8 17. 0-0-0 Qc5 18. Nb3 Qe3+ 19. Kb1 Qe5 20. Rde1 Qc7 21. Bd3 Be7 22. Rg1 g6 23. h4 Bb4 24. Qg3 Bd6 25. Qg5 Be7 26. Qh6 Bf8 27. Qg5 Bg7 28. Nxd5 Nxd5 29. Qxd5 0-0 30. Qg2 a5 31. h5 a4 32. hxg6 fxg6 33. Nc1 a3 34. Rxe6 Bxb2 35. Nb3 Qa7 36. Qd5 1-0

[Event "Petroupoli-ch"]
[Site "Petropouli"]
[Date "2014.02.01"]
[Round "2"]
[White "Darviris, Panagiotis"]
[Black "Kserokasitis, Ioannis"]
[Result "1-0"]
[WhiteElo "1470"]
[BlackElo "1809"]
[PlyCount "69"]
[EventDate "2014.01.25"]
[EventType "swiss"]
[EventRounds "7"]
[EventCountry "GRE"]
[SourceTitle "EXT 2015"]
[Source "ChessBase"]
[SourceDate "2014.11.20"]
[SourceVersion "1"]
[SourceVersionDate "2014.11.20"]
[SourceQuality "1"]

1. e4 c5 2. Nc3 a6 3. Bc4 b5 4. Bd5 Nc6 5. Bxc6 dxc6 6. f4 Nf6 7. Nf3 Qc7 8. d3 Bb7 9. 0-0 e6 10. Qe1 0-0-0 11. Ne2 h5 12. Bd2 Be7 13. Ba5 Qb8 14. Bxd8 Kxd8 15. Ne5 Ke8 16. c4 h4 17. h3 Nh5 18. Ng4 g6 19. Qc3 Rg8 20. e5 g5 21. f5 Bc8 22. f6 Bd8 23. b3 Bc7 24. Rae1 Bb7 25. d4 cxd4 26. Qxd4 Bc8 27. c5 a5 28. Qe4 Rg6 29. Rd1 Bb7 30. Rd3 b4 31. Rfd1 Qc8 32. Rd7 Kf8 33. Re7 Nxf6 34. exf6 Rxf6 35. Rxf7+ 1-0

[Event "Petroupoli op 3rd"]
[Site "Petroupoli"]
[Date "2012.03.14"]
[Round "2"]
[White "Kserokasitis, Ioannis"]
[Black "Karousos Theodorakis, Nikolaos"]
[Result "1-0"]
[WhiteElo "1830"]
[BlackElo "1606"]
[PlyCount "81"]
[EventDate "2012.03.10"]
[EventType "swiss"]
[EventRounds "7"]
[EventCountry "GRE"]
[SourceTitle "CBM 147 Extra"]
[Source "ChessBase"]
[SourceDate "2012.04.24"]
[SourceVersion "1"]
[SourceVersionDate "2012.04.24"]
[SourceQuality "1"]

1. d4 c5 2. c3 Nf6 3. Bf4 e6 4. e3 cxd4 5. cxd4 Bb4+ 6. Nc3 Ne4 7. Nge2 Qa5 8. Qb3 d5 9. Bxb8 Rxb8 10. a3 Bd7 11. Qxb4 Qxb4 12. axb4 Nxc3 13. bxc3 a6 14. Nf4 Rc8 15. Rc1 Ke7 16. Be2 Rc7 17. c4 dxc4 18. Rxc4 Rxc4 19. Bxc4 Rc8 20. Be2 Rc2 21. 0-0 g5 22. Bd1 Rc1 23. Nd3 Rc3 24. Be2 Bb5 25. Rd1 Rc2 26. Kf1 Bxd3 27. Bxd3 Rb2 28. Rb1 Rxb1+ 29. Bxb1 h6 30. Ke2 Kd6 31. Kd3 b5 32. Kc3 f5 33. f3 h5 34. e4 f4 35. e5+ Kc7 36. h4 gxh4 37. Bg6 h3 38. gxh3 h4 39. Kd3 Kb6 40. Ke2 a5 41. bxa5+ 1-0

[Event "Panagiotis Apergis op"]
[Site "Ano Liosia"]
[Date "2007.05.15"]
[Round "7"]
[White "Kserokasitis, Ioannis"]
[Black "Rigopoulos, Theodoros"]
[Result "1-0"]
[WhiteElo "1530"]
[BlackElo "1715"]
[PlyCount "55"]
[EventDate "2007.04.24"]
[EventType "swiss"]
[EventRounds "7"]
[EventCountry "GRE"]
[SourceTitle "EXT 2008"]
[Source "ChessBase"]
[SourceDate "2007.11.25"]
[SourceVersion "1"]
[SourceVersionDate "2007.11.25"]
[SourceQuality "1"]

1. e4 Nc6 2. Nc3 d6 3. d4 e5 4. dxe5 Nxe5 5. f4 Ng6 6. Nf3 Bg4 7. h3 Bxf3 8. Qxf3 Be7 9. Bc4 Nh4 10. Qg4 g6 11. Bd2 f5 12. Qe2 fxe4 13. Qxe4 Nf6 14. Qxb7 Rb8 15. Bb5+ Kf8 16. Qxa7 Nxg2+ 17. Kf2 Nh4 18. Rhe1 Kg7 19. Re6 Rf8 20. Rae1 Rf7 21. Rxe7 Rxe7 22. Rxe7+ Qxe7 23. Qxb8 Nf5 24. Bd3 Nh6 25. Qb7 d5 26. Nb5 Nd7 27. Bc3+ Kf7 28. Qxd5+ 1-0